Introduction to Simulink with engineering applications (Record no. 9793)
[ view plain ]
| 000 -LEADER | |
|---|---|
| fixed length control field | 00541 a2200157 4500 |
| 020 ## - INTERNATIONAL STANDARD BOOK NUMBER | |
| International Standard Book Number | 0-9744239-7-1 |
| 040 ## - CATALOGING SOURCE | |
| Original cataloging agency | DLC |
| Language of cataloging | DLC |
| 100 1# - MAIN ENTRY--PERSONAL NAME | |
| Personal name | Karris, Steven T. |
| 245 10 - TITLE STATEMENT | |
| Title | Introduction to Simulink with engineering applications |
| Statement of responsibility, etc. | Steven T. Karris |
| 246 10 - VARYING FORM OF TITLE | |
| Title proper/short title | Introduction to Simulink. |
| 260 ## - PUBLICATION, DISTRIBUTION, ETC. | |
| Place of publication, distribution, etc. | [Fremont, CA] : |
| Name of publisher, distributor, etc. | Orchard Publications, |
| Date of publication, distribution, etc. | c2006 |
| 300 ## - PHYSICAL DESCRIPTION | |
| Extent | x, ca 570 s. med var. pag. : |
| Other physical details | ill. ; |
| Dimensions | 28 cm |
| 650 #0 - SUBJECT ADDED ENTRY--TOPICAL TERM | |
| Topical term or geographic name entry element | Engineering mathematics |
| General subdivision | Data processing |
| 650 #0 - SUBJECT ADDED ENTRY--TOPICAL TERM | |
| Topical term or geographic name entry element | Engineering |
| General subdivision | Computer simulation |
| 942 ## - ADDED ENTRY ELEMENTS (KOHA) | |
| Koha item type | Book |
| Call number prefix | 620.00151 KAR |
| Source of classification or shelving scheme | |
| Withdrawn status | Lost status | Damaged status | Not for loan | Collection code | Permanent Location | Current Location | Shelving location | Date acquired | Source of acquisition | Cost, normal purchase price | Total Checkouts | Full call number | Barcode | Date last seen | Date last checked out | Price effective from | Koha item type |
|---|---|---|---|---|---|---|---|---|---|---|---|---|---|---|---|---|---|
| Central Library (CL) | Central Library (CL) | General Stacks | 12/10/2007 | Progressive International Agencies | 4168.00 | 3 | 620.00151 KAR | SEECS008781 | 10/17/2024 | 09/10/2024 | 01/05/2017 | Book |
